Central Library OPAC University of Rajshahi

Business enterprise : (Record no. 18935)

MARC details
000 -LEADER
fixed length control field 00873cam a22002651 4500
001 - CONTROL NUMBER
control field 18935
003 - CONTROL NUMBER IDENTIFIER
rucl marc code BD-RjUL
005 - DATE AND TIME OF LATEST TRANSACTION
control field 20211209000347.0
008 - FIXED-LENGTH DATA ELEMENTS--GENERAL INFORMATION
fixed length control field 140222r19611958enka 000 0 eng
035 ## - SYSTEM CONTROL NUMBER
System control number (BD-RjUL)18993
System control number (OCoLC)346925
040 ## - CATALOGING SOURCE
Original cataloging agency DLC
Transcribing agency OClU
Modifying agency OCoLC
-- Uk
-- DLC
-- BD-RjUL
Language of cataloging eng
041 ## - LANGUAGE CODE
Language code of text/sound track or separate title eng
082 ## - DEWEY DECIMAL CLASSIFICATION NUMBER
Classification number 338.7
Author mark and year EDB
100 1# - MAIN ENTRY--PERSONAL NAME
Personal name Edwards, Ronald Stanley,
9 (RLIN) 58389
245 10 - TITLE STATEMENT
Title Business enterprise :
Remainder of title its growth and organisation /
Statement of responsibility, etc. Ronald S. Edwards and Harry Townsend.
260 ## - PUBLICATION, DISTRIBUTION, ETC. (IMPRINT)
Place of publication, distribution, etc. London ;
Name of publisher, distributor, etc. Macmillan;
Place of publication, distribution, etc. New York :
Name of publisher, distributor, etc. St. Martin's Press,
Date of publication, distribution, etc. 1958.[Reprinted 1961, 1962, 1965 ]
300 ## - PHYSICAL DESCRIPTION
Pagination xvii, 607 p. :
Illustrations ill. ;
Size 23cm.
650 #0 - SUBJECT ADDED ENTRY--TOPICAL TERM
Topical term or geographic name as entry element Industrial management
9 (RLIN) 58391
Topical term or geographic name as entry element Business Enterprises
9 (RLIN) 112020
700 1# - ADDED ENTRY--PERSONAL NAME
Personal name Townsend, Harry,
Relator term Joint author
942 ## - ADDED ENTRY ELEMENTS (KOHA)
Source of classification or shelving scheme Dewey Decimal Classification
Koha item type Books
Holdings
Lost status Source of classification or shelving scheme Damaged status Not for loan Collection code Permanent Location Current Location Shelving location Date acquired Source of acquisition Cost, normal purchase price Total Checkouts Full call number Date last seen Copy number Koha item type
  Dewey Decimal Classification     Non-fiction Central Library, University of Rajshahi Central Library, University of Rajshahi   01/05/1963 karim interprise dhaka 24.36   338.7 EDB 1961 22/02/2014 C-2 Books
  Dewey Decimal Classification   Not For Loan Non-fiction Central Library, University of Rajshahi Central Library, University of Rajshahi Reading Room 01/05/1963 Edu. Bk. Dept. 24.36   338.7 EDB 1961 24/08/2014 C-1 Books
  Dewey Decimal Classification     Non-fiction Central Library, University of Rajshahi Central Library, University of Rajshahi   01/05/1963 Edu. Bk. Dept. 24.36   338.7 EDB 1961 24/08/2014 C-3 Books
  Dewey Decimal Classification     Non-fiction Central Library, University of Rajshahi Central Library, University of Rajshahi   01/04/1964 Zeittlinger 30.00   338.7 EDB 1962 24/08/2014 C-4 Books
  Dewey Decimal Classification     Non-fiction Central Library, University of Rajshahi Central Library, University of Rajshahi   01/04/1964 Zeittlinger 30.00   338.7 EDB 1962 24/08/2014 C-5 Books
  Dewey Decimal Classification     Non-fiction Central Library, University of Rajshahi Central Library, University of Rajshahi   05/12/1968 Zeittlinger 60.00   338.7 EDB 1965 26/08/2014 C-6 Books